000 01222nam a22001577a 4500
041 _aukr
080 _a09
090 _bСТМ
100 _aСтельмах Т.М.
245 _aВираження негативних рис характеру людини засобами англійської фразеології
260 _aОстрог
_bКАФ
_c2007
300 _a49
520 _aВСТУП. РОЗДІЛ 1. ФРАЗЕОЛОГІЯ ЯК РОЗДІЛ НАУКИ ПРО МОВУ. 1.1. Склад компонентів і будова ФО. 1.2. Конотативний аспект значення ФО. 1.3. Прагматичний аспект значення ФО. РОЗДІЛ 2. ХАРАКТЕРИСТИКА фо НА ПОЗНАЧЕННЯ НЕГАТИВНИХ РИС ХАРАКТЕРУ ЛЮДИНИ. 2.1. Фразеологізми на позначення дурості. 2.2. Фразеологізми на позначення зухвалості та пихатості. Фразеологізми на позначення ледарства та боягузства. ВИСНОВКИ.
_0Риси характеру, фразеологія.
650 _aResearch Papers
999 _c283955
_d283955
942 _cBK